000 00512nam a2200181Ia 4500
008 240925s9999 xx 000 0 und d
020 _a136282075
082 _a005.8 GON
100 _aGoncalves, Marcus
245 0 _aProtecting Your Website With Firewalls
250 _aNA
260 _aNew Jersey:
_bPrintice- Hall Int.
_c,1997.
300 _aVarious pages
_bNA
_fOriginal
500 _aIncludes Index
600 _aComputer Science
650 _aComputer science, information & general works
942 _cBK
999 _c5174
_d5174